| 000 | 00363pab a2200133 454500 | ||
|---|---|---|---|
| 008 | 180718b xxu||||| |||| 00| 0 eng d | ||
| 100 | _aMarcuccia Luigi | ||
| 245 | _aThe Indian growthrate | ||
| 362 | _a36(1), Apr 1994, p.67-100 | ||
| 650 | _a Economic Growth -- India | ||
| 650 | _aEconomic Development -- India | ||
| 773 | _aAsian Economic Review | ||
| 909 | _a26686 | ||
| 999 |
_c26686 _d26686 |
||